000
00322 a2200133 4500
245
_a
Réanimation et médecine d'urgence
100
_a
Société de Réanimation de Langue Française
260
_c
1986
300
_a
411 p.
035
_a
3573
999
_c
17580
_d
17580